HR marketing zefektivňuje lov talentů
Schopnosť prilákať a získať kvalitných zamestnancov ako silná konkurenčná výhoda. Nové a kreatívnejšie cesty, ako osloviť zaujímavých kandidátov. Webové kariérne stránky. LinkedIn - najväčší firemný portál v ČR. Zaujímavý pracovný inzerát. Videoinzercia - novinka v HR marketingu. Workshopy, prednášk...
Salvato in:
| Autore principale: | |
|---|---|
| Natura: | Capitolo di libro |
| Lingua: | ceco |
| Soggetti: | |
| Tags: |
Nessun Tag, puoi essere il primo ad aggiungerne!!
|
MARC
| LEADER | 00000naa a2200000 4500 | ||
|---|---|---|---|
| 001 | 0225979 | ||
| 005 | 20170111144725.1 | ||
| 041 | 0 | |a cze | |
| 044 | |a CZ | ||
| 245 | 1 | 0 | |a HR marketing zefektivňuje lov talentů |c Jana Weinberg |
| 520 | |a Schopnosť prilákať a získať kvalitných zamestnancov ako silná konkurenčná výhoda. Nové a kreatívnejšie cesty, ako osloviť zaujímavých kandidátov. Webové kariérne stránky. LinkedIn - najväčší firemný portál v ČR. Zaujímavý pracovný inzerát. Videoinzercia - novinka v HR marketingu. Workshopy, prednášky, dni otvorených dverí. Prijímací pohovor ako súčasť budovania atraktívnej značky zamestnávateľa. | ||
| 610 | 2 | 0 | |a marketing personálny |
| 610 | 2 | 0 | |a výber pracovníkov |
| 610 | 2 | 0 | |a nábor pracovníkov |
| 610 | 2 | 0 | |a pohovor |
| 610 | 2 | 0 | |a talenty |
| 610 | 2 | 0 | |a stránky webové |
| 610 | 2 | 0 | |a inzercia |
| 610 | 2 | 0 | |a zamestnávatelia |
| 610 | 2 | 0 | |a firmy |
| 100 | 1 | |a Weinberg, Jana | |